| 000 | 00981nam a22002891a 4500 | ||
|---|---|---|---|
| 001 | 015406139 | ||
| 003 | OSt | ||
| 005 | 20201128021128.0 | ||
| 008 | 110506s2009 xxkad frb 001 0 eng d | ||
| 020 | _a9781905641796 (pbk.) | ||
| 040 |
_aIiNdDKA _beng _cIiNdDKA _dEG-ScBUE |
||
| 082 | 0 | 0 |
_a332.6 _222 _bTOM |
| 100 | 1 |
_aTomasini, Emilio _936558 |
|
| 245 | 1 | 0 |
_aTrading systems : _ba new approach to system development and portfolio optimisation / _cEmilio Tomasini & Urban Jaekle. |
| 260 |
_aPetersfield, United Kingdom : _bHarriman House, _c2009. |
||
| 300 |
_axii, 240 p. : _bcharts, tables ; _c26 cm. |
||
| 500 | _aIndex : p. 237-240. | ||
| 504 | _aBibliography : p. 235. | ||
| 650 | 0 |
_aPortfolio management _92032 |
|
| 650 | 0 |
_aAsset allocation _936559 |
|
| 650 | 0 |
_aInvestments _99026 |
|
| 653 |
_bBUSADM _cNovember2014 |
||
| 655 |
_vreading book _934232 |
||
| 690 | 7 |
_aManagement and Business Studies _2blcoll |
|
| 700 | 1 |
_aJaekle, Urban. _936560 |
|
| 942 |
_2ddc _k332.6 TOM |
||
| 999 |
_c18631 _d18603 |
||